| 000 | 00520nam a2200157 i 4500 | ||
|---|---|---|---|
| 001 | 19693 | ||
| 003 | ES-MaACL | ||
| 005 | 20230906152141.0 | ||
| 007 | t| | ||
| 008 | 021008s1972 sp ||||1| spa d | ||
| 245 | 0 | 3 |
_aLa abogacía en el año 2000 _b: coloquios... los días 25 y 26 de febrero y 22 y 23 de marzo de 1971. |
| 260 |
_aMadrid : _bCírculo de Estudios Jurídicos, _c1972. |
||
| 300 |
_a241 p., 2 lám. ; _c24 cm. |
||
| 710 | 2 |
_aCírculo de Estudios Jurídicos. _92824 |
|
| 852 |
_aES-MaACL _jC-45018 _bR.83917 |
||
| 999 |
_c19693 _d19693 |
||